Ústredný vestník Slovenskej Socialistickej Republiky
| Format: | Serial |
|---|---|
| Language: | Slovak |
| Published: |
Bratislava
Ministerstvo spravodlivosti SSR
1988
|
MARC
| LEADER | 00000cas a2200000 a 4500 | ||
|---|---|---|---|
| 001 | vtls001393481 | ||
| 003 | SK-MaSNL | ||
| 005 | 20260221113219.0 | ||
| 008 | 000727d198819uuxo u 0 0 0slo | ||
| 035 | |a SNK000347792 | ||
| 040 | |a SNK |b slo |c SNK |e AACR2 | ||
| 041 | 0 | |a slo | |
| 044 | |a xo |c SK | ||
| 245 | 0 | 0 | |a Ústredný vestník Slovenskej Socialistickej Republiky |
| 260 | |a Bratislava |b Ministerstvo spravodlivosti SSR |c 1988 | ||
| 910 | |a snk | ||
| 999 | |c 1787 |d 3717 | ||
| 952 | |0 0 |1 0 |4 0 |7 0 |a SNK |b SNK |d 2000-07-27 |l 0 |o snkČSB 1663/1988 |p 17A0245893 |r 2005-01-02 00:00:00 |w 2026-02-21 |y PREZ | ||


